| 000 | 00686nam a22002297a 4500 | ||
|---|---|---|---|
| 003 | 0 | ||
| 005 | 20250506124410.0 | ||
| 008 | 250506b xxu||||| |||| 00| 0 eng d | ||
| 020 | _a9786214271009 | ||
| 050 |
_aHF 5667 _b.F897 2022 |
||
| 100 | _aFrias, Solita A. | ||
| 245 |
_aTextbook in auditing practice _cSolita A. Frias |
||
| 250 | _a2021 edition | ||
| 260 |
_aManila _bUnlimited Books Library Services & Publishing Inc. _cc2022 |
||
| 300 |
_axvi, 420 pages ; _c26 cm. |
||
| 504 | _aIncludes appendices. | ||
| 650 | _aAuditing. | ||
| 650 | _aAuditing -- Philippines. | ||
| 650 | _aInternal auditing. | ||
| 650 | _aFinancial statements—Auditing. | ||
| 942 |
_2lcc _cBK |
||
| 999 |
_c367449 _d367449 |
||